Kapitálový trh SR a súkromný kapitál
Charakteristika postavenia emisií súkromných cenných papierov, štruktúry trhovej kapitálizácie vrcholnej inštitúcie kapitálového trhu na Slovensku, teda BCPB. Deskripcia súčasného stavu, analýza jeho príčin. Analýza príčin je zameraná na aspekty rozhodovania subjektov vystupujúcich na trhu BCPB.
Enregistré dans:
| Auteur principal: | |
|---|---|
| Format: | Chapitre de livre |
| Langue: | slovaque |
| Sujets: | |
| Tags: |
Pas de tags, Soyez le premier à ajouter un tag!
|
MARC
| LEADER | 00000nla$a2200000$$$4500 | ||
|---|---|---|---|
| 001 | 0051026 | ||
| 005 | 20240502071606.3 | ||
| 041 | 0 | |a slo | |
| 044 | |a SK | ||
| 245 | 1 | 0 | |a Kapitálový trh SR a súkromný kapitál |c Peter Kočkin |
| 520 | |a Charakteristika postavenia emisií súkromných cenných papierov, štruktúry trhovej kapitálizácie vrcholnej inštitúcie kapitálového trhu na Slovensku, teda BCPB. Deskripcia súčasného stavu, analýza jeho príčin. Analýza príčin je zameraná na aspekty rozhodovania subjektov vystupujúcich na trhu BCPB. | ||
| 610 | 2 | 0 | |a burzy |
| 610 | 2 | 0 | |a Slovensko |
| 610 | 2 | 0 | |a papiere cenné |
| 610 | 2 | 0 | |a trh kapitálový |
| 610 | 2 | 0 | |a dlhopisy štátne |
| 610 | 2 | 0 | |a úrok |
| 100 | 1 | |a Kočkin, Peter | |